[Event "Zadar op-B 19th"]
[Site "Zadar"]
[Date "2012.12.19"]
[Round "6"]
[White "Vrhovnik, Damir"]
[Black "Curic, Drazen"]
[Result "0-1"]
[WhiteElo "2097"]
[BlackElo "2293"]
[PlyCount "122"]
[EventDate "2012.12.16"]
[EventType "swiss"]
[EventRounds "9"]
[EventCountry "CRO"]
[SourceTitle "EXT 2014"]
[Source "ChessBase"]
[SourceDate "2013.11.20"]
[SourceVersion "1"]
[SourceVersionDate "2013.11.20"]
[SourceQuality "1"]

1. Nf3 c5 2. c4 g6 3. d4 cxd4 4. Nxd4 Bg7 5. Nc3 Nf6 6. e4 d6 7. Be3 Ng4 8. Nc2 Nc6 9. Be2 Nxe3 10. Nxe3 0-0 11. 0-0 Be6 12. Qd2 Rc8 13. Rac1 f5 14. Ned5 Nd4 15. Bd3 fxe4 16. Nxe4 Qd7 17. Rce1 Bf5 18. Ng3 e6 19. Nxf5 gxf5 20. Nc3 e5 21. Ne2 Ne6 22. Rd1 Kh8 23. Bc2 Rcd8 24. b4 b6 25. Qd5 Qe7 26. f3 Bh6 27. Qd3 Qg7 28. Kh1 Rf6 29. Rg1 Qb7 30. Qd5 Qf7 31. Qd3 Nf8 32. Bb3 Qc7 33. Qd5 Ne6 34. Qd3 Bg7 35. g3 Ng5 36. Qe3 Bh6 37. f4 Ne6 38. Rgf1 e4 39. Nc3 Rg6 40. Rd2 Qg7 41. Nd5 Qf8 42. Rfd1 Bg7 43. a4 h5 44. Rg1 Rh6 45. Bd1 Rc8 46. Be2 Kh7 47. Rgd1 Qe8 48. Ra2 Qh8 49. a5 Bd4 50. Qb3 Qg7 51. axb6 axb6 52. Ne3 Rf8 53. Nc2 h4 54. g4 fxg4 55. Nxd4 Nxd4 56. Qe3 Nf5 57. Qxe4 Kh8 58. Ra8 Rhf6 59. Rxf8+ Qxf8 60. Rd5 h3 61. Bd3 Qa8 0-1

[Event "Zadar op-B 19th"]
[Site "Zadar"]
[Date "2012.12.18"]
[Round "4"]
[White "Vrhovnik, Damir"]
[Black "Fucak, Emilijo"]
[Result "1/2-1/2"]
[WhiteElo "2097"]
[BlackElo "2222"]
[PlyCount "30"]
[EventDate "2012.12.16"]
[EventType "swiss"]
[EventRounds "9"]
[EventCountry "CRO"]
[SourceTitle "EXT 2014"]
[Source "ChessBase"]
[SourceDate "2013.11.20"]
[SourceVersion "1"]
[SourceVersionDate "2013.11.20"]
[SourceQuality "1"]

1. Nf3 Nc6 2. d4 d5 3. Bf4 Bg4 4. h3 Bh5 5. e3 e6 6. c3 Bd6 7. Bxd6 Qxd6 8. Be2 Nf6 9. Nbd2 0-0 10. 0-0 Rfe8 11. Re1 e5 12. dxe5 Nxe5 13. Nxe5 Qxe5 14. Bxh5 Qxh5 15. Qxh5 Nxh5 1/2-1/2

[Event "Wch Seniors 22nd"]
[Site "Kamena Vourla"]
[Date "2012.11.22"]
[Round "9"]
[White "Davydov, Mihail"]
[Black "Vrhovnik, Damir"]
[Result "1-0"]
[WhiteElo "2034"]
[BlackElo "2114"]
[PlyCount "107"]
[EventDate "2012.11.13"]
[EventType "swiss"]
[EventRounds "11"]
[EventCountry "GRE"]
[SourceTitle "CBM 151 Extra"]
[Source "ChessBase"]
[SourceDate "2012.12.18"]
[SourceVersion "1"]
[SourceVersionDate "2012.12.18"]
[SourceQuality "1"]

1. e4 c5 2. Nf3 d6 3. d4 cxd4 4. Nxd4 Nf6 5. Nc3 g6 6. f3 Bg7 7. Be3 Nc6 8. Qd2 Bd7 9. Bc4 a6 10. Nxc6 Bxc6 11. Bh6 Bxh6 12. Qxh6 e6 13. 0-0-0 Qe7 14. Qf4 0-0-0 15. Rhe1 Nh5 16. Qe3 Kb8 17. Rd2 Qc7 18. g4 Ng7 19. Bb3 h5 20. g5 Rhe8 21. Qd4 e5 22. Qe3 Ne6 23. Red1 Re7 24. h4 Red7 25. a3 b5 26. Kb1 Qb7 27. Bd5 Nf4 28. Bxc6 Qxc6 29. Nd5 Nxd5 30. Rxd5 Kb7 31. R1d3 Qb6 32. Qd2 Qc7 33. f4 exf4 34. Qxf4 Qc4 35. Qf3 Qc6 36. Qd1 Re8 37. e5 Qc4 38. R3d4 Qc7 39. Rxd6 Rxd6 40. exd6 Qd7 41. Qf3+ Kb6 42. Qb3 Re5 43. Ka2 Kb7 44. Rf4 Rf5 45. Qf3+ Kb8 46. b3 Qb7 47. Rxf5 gxf5 48. Qxf5 Qc6 49. Qd3 Kc8 50. Qf5+ Kd8 51. Qf6+ Kc8 52. Kb2 Qd5 53. Qe7 Qd4+ 54. Ka2 1-0

[Event "Wch Seniors 22nd"]
[Site "Kamena Vourla"]
[Date "2012.11.17"]
[Round "5"]
[White "Kunz, Konstantin"]
[Black "Vrhovnik, Damir"]
[Result "0-1"]
[WhiteElo "2247"]
[BlackElo "2114"]
[PlyCount "78"]
[EventDate "2012.11.13"]
[EventType "swiss"]
[EventRounds "11"]
[EventCountry "GRE"]
[SourceTitle "CBM 151 Extra"]
[Source "ChessBase"]
[SourceDate "2012.12.18"]
[SourceVersion "1"]
[SourceVersionDate "2012.12.18"]
[SourceQuality "1"]

1. d4 Nf6 2. c4 c5 3. d5 e6 4. Nc3 exd5 5. cxd5 d6 6. h3 g6 7. Nf3 a6 8. a4 Bg7 9. Bf4 0-0 10. e3 Ne8 11. Be2 Nd7 12. 0-0 Qe7 13. Re1 Rb8 14. Qc2 Ne5 15. Rab1 Nxf3+ 16. Bxf3 Nf6 17. b4 cxb4 18. Rxb4 Nd7 19. Be2 g5 20. Bg3 Nc5 21. Rc4 Be5 22. f4 Bg7 23. Bf3 b5 24. axb5 axb5 25. Rb4 Bd7 26. Nd1 Rbc8 27. Qe2 Na4 28. Re4 Qd8 29. fxg5 Nc5 30. Rb4 Qe7 31. h4 Rfe8 32. Bg4 Bxg4 33. Qxg4 Nd3 34. Rxb5 Nxe1 35. Bxe1 Rc1 36. Bf2 Qe4 37. Qe2 Qa4 38. Kh2 Be5+ 39. g3 Qxd1 0-1

[Event "Wch Seniors 22nd"]
[Site "Kamena Vourla"]
[Date "2012.11.15"]
[Round "3"]
[White "Pihlajamaki, Antti"]
[Black "Vrhovnik, Damir"]
[Result "1/2-1/2"]
[WhiteElo "1925"]
[BlackElo "2114"]
[PlyCount "77"]
[EventDate "2012.11.13"]
[EventType "swiss"]
[EventRounds "11"]
[EventCountry "GRE"]
[SourceTitle "CBM 151 Extra"]
[Source "ChessBase"]
[SourceDate "2012.12.18"]
[SourceVersion "1"]
[SourceVersionDate "2012.12.18"]
[SourceQuality "1"]

1. e4 c5 2. Bc4 Nc6 3. Nf3 g6 4. d4 cxd4 5. Nxd4 Bg7 6. Nxc6 bxc6 7. Nc3 d6 8. 0-0 Nf6 9. h3 0-0 10. Be3 Qc7 11. Bb3 Ba6 12. Re1 Rad8 13. Bf4 Nd7 14. Qd2 Rfe8 15. Rad1 Qa5 16. Be3 Nc5 17. Bd4 e5 18. Be3 Bb7 19. f3 Ne6 20. Bxe6 Rxe6 21. Qf2 d5 22. exd5 cxd5 23. Bc5 d4 24. b4 Qa3 25. Ne4 f5 26. Nd2 Ree8 27. Nb3 Qa6 28. a4 Bh6 29. Kh1 Be3 30. Qh4 g5 31. Qh5 Qf6 32. c3 Bd5 33. cxd4 Bxb3 34. dxe5 Bf7 35. exf6 Rxd1 36. Qxf7+ Kxf7 37. Rxd1 Bxc5 38. bxc5 Kxf6 39. Rd7 1/2-1/2

[Event "Wch Seniors 22nd"]
[Site "Kamena Vourla"]
[Date "2012.11.13"]
[Round "1"]
[White "Lachat, Martin"]
[Black "Vrhovnik, Damir"]
[Result "0-1"]
[WhiteElo "1675"]
[BlackElo "2114"]
[PlyCount "64"]
[EventDate "2012.11.13"]
[EventType "swiss"]
[EventRounds "11"]
[EventCountry "GRE"]
[SourceTitle "CBM 151 Extra"]
[Source "ChessBase"]
[SourceDate "2012.12.18"]
[SourceVersion "1"]
[SourceVersionDate "2012.12.18"]
[SourceQuality "1"]

1. c4 Nf6 2. Nc3 c5 3. Nf3 g6 4. g3 Bg7 5. Bg2 Nc6 6. 0-0 0-0 7. d4 cxd4 8. Nxd4 d6 9. Nxc6 bxc6 10. Bxc6 Rb8 11. Qc2 Bf5 12. e4 Bh3 13. Re1 Ng4 14. Bf4 g5 15. Bxg5 Ne5 16. Bxe7 Qxe7 17. Bd5 Nf3+ 18. Kh1 Nxe1 19. Rxe1 Bxc3 20. Qxc3 Qe5 21. Qxe5 dxe5 22. b3 Be6 23. f3 Rfd8 24. Kg2 Kf8 25. Kf2 Ke7 26. Re3 a5 27. f4 f6 28. Kf3 Kd6 29. c5+ Ke7 30. c6 Rbc8 31. Rd3 Bxd5 32. exd5 Rxc6 0-1